English Loanwords From Every Language - Statistics

General Stats
  • This quiz has been taken 43 times
  • The average score is 22 of 50
Answer Stats
Language Definition Word % Correct
Arabic Hot beverage high in caffeine made from beans Coffee
93%
Greek Aircraft that can hover, and flies with two rotating blades Helicopter
85%
Kannada Fast-growing grass with hard stem eaten by pandas Bamboo
80%
Italian Center of gambling Casino
80%
Czech Programmable machine, humanoid machine Robot
80%
Hindustani Large spotted cat, fastest animal on land Cheetah
78%
Persian Two player board game consisting of kings, pawns, etc. Chess
75%
Dharug Marsupial famous for eucalyptus consumption Koala
73%
Hungarian Powdered spice made from ground, dried chillies Paprika
73%
Wolof Curved yellow tropical fruit Banana
70%
French Rod used in/by conductors, military, relay, police, etc. Baton
70%
Serbo-Croatian Blood-sucking mythological creature Vampire
70%
Inuktitut Small narrow boat propelled by paddling while seated Kayak
68%
Swahili ⁂A trip into the habitat of wild animals for tourism Safari
68%
German Spirit of the times, mood of a period in history Zeitgeist
65%
Portuguese Highly venomous hooded snake Cobra
63%
Tibetan Mountain dwelling unidentified abominable humanoid Yeti
63%
Taino Bed suspended between two trees Hammock
60%
Turkish Semisolid food from bacterially fermented milk Yogurt
53%
Dutch Shoulder held rocket launcher Bazooka
50%
Korean Video of eating large amounts of food Mukbang
50%
Vietnamese Soup consisting of broth, rice noodles, herbs, and meat Pho
50%
Yiddish A clumsy person Klutz
48%
Malay Be on an uncontrollable violent frenzy Run {amok}
48%
Tongan Excluded or forbidden, especially by social custom Taboo
40%
Marathi ⁂Small carnivorous mammal known for predating snakes Mongoose
35%
Russian Riot/massacre of an ethnic group, esp. Jews. Pogrom
35%
Quechua Antimalarial medicine used in tonic water Quinine
33%
Japanese Wealthy/powerful business person, magnate/mogul Tycoon
33%
Burmese Third largest ethnic group of Myanmar, aka Kayin Karen
30%
Thai Motorized rickshaw Tuk-tuk
30%
Catalan ⁂Small round orange fruit related to peaches Apricot
28%
Tamil Boat with two hulls Catamaran
28%
Romani Improvised knife Shiv
25%
Afrikaans Wide, open rural grassland and scrubland of Africa Veld
25%
Swedish Dense, high melting point, robust metal element Tungsten
23%
Spanish Undesirable black/brown winged insect (not bloodsucking) Cockroach
20%
Romanian Type of cured meat common in delis and sandwiches Pastrami
20%
Punjabi Sikh place of worship Gurdwara
18%
Malayalam Very large tropical edible fruit Jackfruit
18%
Odia ⁂Mighty, unstoppable force Juggernaut
18%
Bengali Coarse fibre used to make sacks and mats Jute
18%
Mandarin *Extremely enthusiastic or energetic Gung ho
15%
Cantonese Deep bow which touches the head to the floor Kowtow
15%
Tagalog Remote, rural areas, hinterlands (in the plural) Boondocks
13%
Nahuatl Spear thrower Atlatl
8%
Telugu Small terrestrial marsupial native to Oceania Bandicoot
8%
Javanese ⁑Violent flow of pyroclastic material down a volacano Lahar
8%
Polish Another term for European bison Zubr
8%
Gujarati Another term for ivy gourd/scarlet gourd Tindora
5%
No matching quizzes found
Score Distribution
Percent of People with Each Score
Percentile by Number Answered
Your Score History
You have not taken this quiz